| 000 | 01160nam a2200289Ia 4500 | ||
|---|---|---|---|
| 001 | ebr10596989 | ||
| 003 | CaPaEBR | ||
| 006 | m u | ||
| 007 | cr cn||||||||| | ||
| 008 | 120921s2012 pl sb 001 0 eng d | ||
| 020 | _z9788323332695 | ||
| 020 | _z9788323384885 | ||
| 040 |
_aCaPaEBR _cCaPaEBR |
||
| 035 | _a(OCoLC)815502889 | ||
| 050 | 1 | 4 |
_aPJ8006 _b.M53 2012eb |
| 100 | 1 | _aMichalak-Pikulska, Barbara. | |
| 245 | 1 | 0 |
_aModern literature of the United Arab Emirates _h[electronic resource] / _cBarbara Michalak-Pikulska. |
| 260 |
_aKrakow : _bJagiellonian University Press, _c2012. |
||
| 300 | _a1 v. (various pagings) | ||
| 504 | _aIncludes bibliographical references and index. | ||
| 533 |
_aElectronic reproduction. _bPalo Alto, Calif. : _cebrary, _d2011. _nAvailable via World Wide Web. _nAccess may be limited to ebrary affiliated libraries. |
||
| 650 | 0 | _aEmirati literature. | |
| 650 | 0 |
_aArabic poetry _zUnited Arab Emirates. |
|
| 655 | 7 |
_aElectronic books. _2local |
|
| 710 | 2 | _aebrary, Inc. | |
| 856 | 4 | 0 |
_uhttp://site.ebrary.com/lib/rucke/Doc?id=10596989 _zAn electronic book accessible through the World Wide Web; click to view |
| 999 |
_c108833 _d108833 |
||